000 00823nam a2200205Ia 4500
005 20241216011346.0
008 190429s9999||||xx |||||||||||||| ||und||
082 _a616.3427
_bC86
100 _aCRISTOBAL CERVANTES, JHEYMI TATIANA Y NEIRA CENTENO, GIOVANA DEL ROSARIO
245 0 _aCOMPONENTES ORGANICOS E INORGANICOS PRESENTES DEL AGUA DE CONSUMO HUMANO Y SU RELACION EN LA PREVALENCIA DE EDA EN NIÑOS MENORES DE 10 AÑOS PP. JJ. COLUMNA PASCO MARZO - MAYO DEL 2006
250 _a0
260 _aCERRO DE PASCO-PERU
_bUNDAC
_c2006
300 _a60 pag.
_c30 cm.
341 _h0
490 _v0
_a0
505 _aINTRODUCCION/MATERIAL Y METODOS/RESULTADOS/DISCUSION/CONCLUSIONES/RECOMENDACIONES/BIBLIOGRAFIA
541 _aD
_bCRISTOBAL CERVANTES JHEYI
_d18-Feb-08
_oSoles
650 _aEnfermería
942 _cTESIS
999 _c39703
_d39703